00469nam a2200157Ia 450000500170000000800410001708200130005810000110007124500390008226000320012130000130015350000290016694200060019595200950020199900150029620250424070539.0240331s9999 xx 000 0 und d a301bGna aGnanie 0aTamilakattil panpattu nerukkatikal aKovaibNikal Veliyiduc1994 a244 p ., aPuthiya Kalaniyiyachulil cL 001040708LaWERCLbWERCLcSSCd2024-03-31l0o 301 Gnap3674r2024-03-31w2024-03-31yL c1032d1032